|
|
|
|
| LEADER |
00000cam a2200000 7i4500 |
| 001 |
0000000631 |
| 005 |
20220105103912.0 |
| 008 |
070705 |
| 020 |
|
|
|a 9831451864
|
| 090 |
0 |
0 |
|a JP
|b ANM ENG (432)
|
| 245 |
0 |
0 |
|a The bear and the bees
|
| 260 |
|
|
|a Kuala Lumpur :
|b Mind to Mind
|
| 440 |
|
|
|a 12 Aesop's fables
|
| 500 |
|
|
|a Children age 4-6 years old (yellow)
|
| 650 |
|
0 |
|a Animals
|
| 650 |
|
0 |
|a Junior preschool
|x English
|x Languages
|
| 999 |
|
|
|a 0000966791
|b Book
|c Children Collection
|e Cawangan Muar
|
| 999 |
|
|
|a 0000966792
|b Book
|c Children Collection
|e Perbadanan Perpustakaan Awam Johor
|
| 999 |
|
|
|a 0000966793
|b Book
|c Children Collection
|e Cawangan Segamat
|
| 999 |
|
|
|a 0000966794
|b Book
|c Children Collection
|e Cawangan Segamat
|
| 999 |
|
|
|a 0001129781
|b Book
|c Children Collection
|e Cawangan Tmn. Ungku Tun Aminah
|